<?xml version="1.0" encoding="UTF-8"?>
<record
    xmlns:xsi="http://www.w3.org/2001/XMLSchema-instance"
    xsi:schemaLocation="http://www.loc.gov/MARC21/slim http://www.loc.gov/standards/marcxml/schema/MARC21slim.xsd"
    xmlns="http://www.loc.gov/MARC21/slim">

  <leader>01472nam a22002657a 4500</leader>
  <controlfield tag="005">20211108124804.0</controlfield>
  <controlfield tag="008">211108b           ||||| |||| 00| 0 eng d</controlfield>
  <datafield tag="020" ind1=" " ind2=" ">
    <subfield code="a">0070531544</subfield>
  </datafield>
  <datafield tag="040" ind1=" " ind2=" ">
    <subfield code="c">AL</subfield>
  </datafield>
  <datafield tag="041" ind1=" " ind2=" ">
    <subfield code="a">eng</subfield>
  </datafield>
  <datafield tag="082" ind1=" " ind2=" ">
    <subfield code="2">23</subfield>
    <subfield code="a">303.4833</subfield>
    <subfield code="b">KALE</subfield>
  </datafield>
  <datafield tag="100" ind1=" " ind2=" ">
    <subfield code="a">A P J Abdul Kalam: A Sivathanu Pillai</subfield>
    <subfield code="9">9916</subfield>
  </datafield>
  <datafield tag="245" ind1=" " ind2=" ">
    <subfield code="a">Envisioning and Empowered Nation: Technology for Societal Transformation</subfield>
  </datafield>
  <datafield tag="260" ind1=" " ind2=" ">
    <subfield code="a">New Delhi</subfield>
    <subfield code="b">Tata McGraw Hill Publishing Company Limited</subfield>
    <subfield code="c">2004</subfield>
  </datafield>
  <datafield tag="300" ind1=" " ind2=" ">
    <subfield code="a">xix,255 p.</subfield>
    <subfield code="b">HB</subfield>
    <subfield code="c">24x16 cm.</subfield>
  </datafield>
  <datafield tag="520" ind1=" " ind2=" ">
    <subfield code="a">This book brings out the role and importance of technology for the nation&#x2019;s development and is presented here as a roadmap which will benefit students and youth to contribute in achieving missions leading to Developed India. It also identifies the role of Indians working in fields like design, manufacturing, healthcare, agriculture, education, law, information and communication technology, administration and so on. Also, the book will be of interest to the great Indian family, including NRIs and NGOs for participating in Nation building.
 
</subfield>
    <subfield code="u">https://www.bibliomed.org/mnsfulltext/197/197-1608529517.pdf?1636355650</subfield>
  </datafield>
  <datafield tag="650" ind1=" " ind2=" ">
    <subfield code="a">Social Change</subfield>
    <subfield code="9">9917</subfield>
  </datafield>
  <datafield tag="650" ind1=" " ind2=" ">
    <subfield code="a">Technology</subfield>
    <subfield code="9">9918</subfield>
  </datafield>
  <datafield tag="650" ind1=" " ind2=" ">
    <subfield code="a">Agriculture</subfield>
    <subfield code="9">9919</subfield>
  </datafield>
  <datafield tag="650" ind1=" " ind2=" ">
    <subfield code="a">Satellite Launch Vehicles</subfield>
    <subfield code="9">9920</subfield>
  </datafield>
  <datafield tag="650" ind1=" " ind2=" ">
    <subfield code="a">Aerospace Vehicles</subfield>
    <subfield code="9">9921</subfield>
  </datafield>
  <datafield tag="650" ind1=" " ind2=" ">
    <subfield code="a">Healthcare Revolution</subfield>
    <subfield code="9">9922</subfield>
  </datafield>
  <datafield tag="700" ind1=" " ind2=" ">
    <subfield code="a">KALAM (A P J Abdul): PILLAI (A Sivathanu)</subfield>
    <subfield code="9">9923</subfield>
  </datafield>
  <datafield tag="942" ind1=" " ind2=" ">
    <subfield code="2">ddc</subfield>
    <subfield code="c">GF</subfield>
  </datafield>
  <datafield tag="999" ind1=" " ind2=" ">
    <subfield code="c">220434</subfield>
    <subfield code="d">220434</subfield>
  </datafield>
  <datafield tag="952" ind1=" " ind2=" ">
    <subfield code="0">0</subfield>
    <subfield code="1">0</subfield>
    <subfield code="2">ddc</subfield>
    <subfield code="4">0</subfield>
    <subfield code="7">0</subfield>
    <subfield code="8">SOC</subfield>
    <subfield code="a">AL</subfield>
    <subfield code="b">AL</subfield>
    <subfield code="d">2013-03-24</subfield>
    <subfield code="l">0</subfield>
    <subfield code="o">303.4833 KALE</subfield>
    <subfield code="p">GF03647</subfield>
    <subfield code="r">2021-11-08 00:00:00</subfield>
    <subfield code="w">2021-11-08</subfield>
    <subfield code="y">GF</subfield>
  </datafield>
</record>
